Statistics for Which Countries Do These People Lead?

Click here to take the quiz!

General Stats

  • This quiz has been taken 114 times
  • The average score is 16 of 20

Answer Stats

Your 18 Choices AreCanada, Usa, Mexico, Brazil, Uk, France, Germany, Spain, Italy,% Correct
Emmanuel MacronFrance
99%
Justin TrueauCanada
98%
Angela MerkelGermany
98%
Xi JinpingChina
97%
Kim Jong-unNorth Korea
97%
Theresa MayUk
97%
Donald TrumpUsa
97%
Moon Jae-InSouth Korea
96%
Scott MorrisonAustralia
92%
Shinzo AbeJapan
92%
Jair BolsonaroBrazil
90%
Abdel Fattah El-SisiEgypt
89%
Pedro SanchezSpain
89%
Andres Manuel Lopez ObradorMexico
88%
Sergio Mattarellaitaly
86%
Ram Nath KovindIndia
83%
SalmanSaudi Arabia
83%
Cyril RamaphosaSouth Africa
73%
LeaderCountry
4%
Saudi Arabia, Egypt,South Africa, India, Australia, China, N Korea, S Korea, and Japan.
3%

Score Distribution

Percentile by Number Answered

Percent of People with Each Score

Your Score History

You have not taken this quiz